[Event "Toronto Howard Ridout Swiss U2000"]
[Site "Toronto"]
[Date "2010.10.14"]
[Round "5"]
[White "Corvo, Paul"]
[Black "Gaffney, Kevin"]
[Result "1-0"]
[WhiteElo "1861"]
[BlackElo "1608"]
[PlyCount "91"]
[EventDate "2010.09.09"]
[EventType "swiss"]
[EventRounds "6"]
[EventCountry "CAN"]
[SourceTitle "EXT 2022"]
[Source "ChessBase"]
[SourceDate "2021.10.06"]
[SourceVersion "1"]
[SourceVersionDate "2021.10.06"]
[SourceQuality "1"]

1. e4 e5 2. Nf3 Nc6 3. d4 exd4 4. Nxd4 Nf6 5. Nxc6 bxc6 6. e5 Qe7 7. Qe2 Nd5 8. c4 Nb6 9. b3 g6 10. Bb2 Bg7 11. f4 0-0 12. Nd2 d6 13. Nf3 Bg4 14. 0-0-0 Rfe8 15. h3 Bxf3 16. Qxf3 dxe5 17. fxe5 Bxe5 18. Bd3 Nd7 19. Qxc6 Bxb2+ 20. Kxb2 Ne5 21. Qe4 Qf6 22. Kb1 Rad8 23. Rhf1 Qg7 24. Bc2 Kf8 25. Rxd8 Rxd8 26. Qe3 Nc6 27. Qc5+ Rd6 28. Rd1 Nd4 29. Qxc7 Qf6 30. Qc5 Kg7 31. b4 Ne2 32. Rxd6 Nc3+ 33. Kc1 Nxa2+ 34. Kd1 Qf1+ 35. Kd2 Qxg2+ 36. Kd3 Nc1+ 37. Kc3 Qf3+ 38. Kb2 Ne2 39. Qe5+ Kh6 40. Rd3 Qf1 41. Qe3+ Nf4 42. Rd4 g5 43. h4 Ne6 44. hxg5+ Kh5 45. Bd1+ Kg6 46. Qd3+ 1-0

[Event "Scarborough CC-ch Reserves op"]
[Site "Toronto"]
[Date "2010.04.15"]
[Round "8"]
[White "Paterson, Jim"]
[Black "Corvo, Paul"]
[Result "1/2-1/2"]
[WhiteElo "1905"]
[BlackElo "1781"]
[PlyCount "50"]
[EventDate "2010.02.25"]
[EventType "swiss"]
[EventRounds "9"]
[EventCountry "CAN"]
[SourceTitle "EXT 2022"]
[Source "ChessBase"]
[SourceDate "2021.10.06"]
[SourceVersion "1"]
[SourceVersionDate "2021.10.06"]
[SourceQuality "1"]

1. e3 e5 2. c4 c5 3. Nc3 Nf6 4. Nf3 Nc6 5. d4 cxd4 6. exd4 exd4 7. Nxd4 d5 8. Bg5 Be7 9. Nxc6 bxc6 10. cxd5 Nxd5 11. Bd2 0-0 12. Be2 Bf5 13. 0-0 Rb8 14. Nxd5 cxd5 15. Bc3 Bf6 16. Bxf6 Qxf6 17. Bf3 Rxb2 18. Qxd5 h6 19. Rfd1 Rc8 20. Qd4 Qxd4 21. Rxd4 Rcc2 22. Ra4 Be6 23. Rxa7 Rxa2 24. Ra8+ Rxa8 25. Rxa8+ Rc8 1/2-1/2

[Event "Toronto Howard Ridout op"]
[Site "Toronto"]
[Date "2008.09.18"]
[Round "2"]
[White "Corvo, Paul"]
[Black "Moran Venegas, Mario"]
[Result "1/2-1/2"]
[WhiteElo "1850"]
[BlackElo "1696"]
[PlyCount "90"]
[EventDate "2008.09.11"]
[EventType "swiss"]
[EventRounds "7"]
[EventCountry "CAN"]
[SourceTitle "EXT 2011"]
[Source "ChessBase"]
[SourceDate "2010.11.26"]
[SourceVersion "1"]
[SourceVersionDate "2010.11.26"]
[SourceQuality "1"]

1. e4 d5 2. exd5 Qxd5 3. Nc3 Qd6 4. Nf3 Nf6 5. d4 a6 6. h3 Nbd7 7. Be2 e6 8. 0-0 b5 9. Bd3 Bb7 10. Re1 Be7 11. Bg5 0-0 12. Ne4 Qd5 13. Nxf6+ Bxf6 14. Be4 Qxe4 15. Rxe4 Bxe4 16. Bxf6 Nxf6 17. Qe2 Rfd8 18. c3 Rac8 19. Re1 c5 20. Rd1 c4 21. Ne5 Bd3 22. Nxd3 cxd3 23. Rxd3 Rd5 24. Re3 a5 25. Re5 Rcd8 26. Kh2 h6 27. f4 Kh8 28. g4 Kg8 29. g5 hxg5 30. fxg5 Nh7 31. h4 Nf8 32. h5 Rxe5 33. Qxe5 Rd5 34. Qf4 Rf5 35. Qg4 Rf2+ 36. Kg1 Rxb2 37. Qd1 a4 38. d5 exd5 39. Qxd5 Ne6 40. h6 Rb1+ 41. Kf2 Rb2+ 42. Ke1 gxh6 43. gxh6 Kh7 44. Qf5+ Kxh6 45. Qxf7 Ng5 1/2-1/2